000 01218nam a2200241Ii 4500
003 JO-AjNU
005 20240624104410.0
008 230605s9999||||xx |||||||||||||| ||und||
040 _aJO-AjNU
_bara
_erda
_cJO-AjNU
041 _aara
050 1 4 _aHD57.7 2022
100 _aالريالات، سالم سالم فليحان
_eمعد
_965522
245 0 0 _aدور ادارة التنوع في تحقيق النجاح الاستراتيجي قي الجامعات الخاصة الاردنية =The Role of Diversity Management in Achieving Strategic success in jordan private Universities
_c/ اعداد سالم سالم فليحان الريالات ؛ اشراف علي فلاح مفلح الزعبي
264 3 1 _a 2022
300 _a126 ورقة
336 _atext
_btxt
_2rdacontent
337 _aunmediated
_bn
_2rdamedia
338 _avolume
_bnc
_2rdacarrier
500 _aرسالة جامعية(اطروحة ماجستير) جامعة عجلون الوطنية، كلية ادارة الاعمال، تخصص ادارة الاعمال، 2022
650 4 _aالجامعات الخاصة-ادارة-الاردن
_963212
700 _aعلي فلاح مفلح الزعبي
_eمشرف
_965523
942 _2lcc
_cTHS
999 _c32228
_d32228